000 01400nam a2200229Ia 4500
003 Ost
005 20260507075352.0
008 260507s9999||||xx |||||||||||||| ||und||
020 _a5275610977
040 _cfsecg
041 _aara
082 _a330
100 _aعبد التواب، محمد حلمي
_eمؤلف
245 0 _aالأطر الشرعية والفنية لبورصة الأوراق المالية وآليات الرقابة القانونية عليها /
_c محمد حلمي عبد التواب
260 _aالقاهرة:
_bدار الفكر العربي,
_c2012
300 _a486 صفحة؛
_bإيضاحات ؛
_c24 سم
520 _aالسياسات المالية الحديثة ونشأة أسواق الأوراق المالية- الإطار الشرعي لبورصة الأوراق المالية- فلسفة المال في الأديان السماوية قبل الإسلام-فلسفة الإسلام في تنمية المال- الإطار الفني لعمل بورصة الأوراق المالية- إدارة البورصة- كيفية عمل سوق الأوراق المالية-تنشيط البورصة- الربط بين البورصات- آليات الرقابة القانونية على البورصة
653 _aالأوراق المالية
653 _aالبورصات
653 _aالرقابة المالية
942 _cكتاب
999 _c44146
_d44146